000 00451nam a2200157Ia 4500
008 230718s9999 xx 000 0 und d
041 _aeng
082 _a621.38
_bABE
100 _aAberle J.T.
_9123763
245 _aAntennas With Non Faster Matching Networks
260 _bMorgan And Claypool
300 _dRef 1105 E (30548)
365 _cRs.
_b1395.00
700 _aAberle J.T. & Loepsinger R.R.
_9190141
906 _dB:522023-Jul-2008
_cETC
_b20
999 _c319341
_d319341